Balkan football clubs - Statistics

General Stats
  • This quiz has been taken 16 times
  • The average score is 6 of 15
Answer Stats
Hint Answer % Correct
Croatian Hajduk Split
100%
Croatian Dinamo Zagreb
92%
Serbian Red Star Belgrade
75%
Bosnian FK Sarajevo
50%
Montenegrin Buducnost Podgorica
42%
North Macedonian Vardar Skopje
42%
Bosnian FK Zeljeznicar
33%
Greek Olympiacos
33%
Romanian CFR Cluj
25%
Bulgarian Ludogorets Razgrad
25%
Greek AEK Athens
17%
Serbian FK Partisan
17%
Bosnian Zrinjski Mostar
17%
Romanian Dinamo Bucuresti
8%
Romanian Rapid Bucuresti
8%
No matching quizzes found
Score Distribution
Percent of People with Each Score
Percentile by Number Answered
Your Score History
You have not taken this quiz